000 00486nam a2200181Ia 4500
003 GCL
008 140319s9999 xx 000 0 eng d
040 _aGCL /
_cGCL
082 0 4 _a005.6
_bM W
100 1 _aMATTHEWS, MARTIN
245 1 0 _aWEB PUBLISHING WITH MICROSOFT FRONT PAGE /
_cMATTHEWS, MARTIN
260 _a[S.N] :
_bOSBORNE MCGRAOW - HILL ،
_c1996
300 _a412 P
650 0 4 _aشعر الحرب
650 0 4 _aWORLD WIDE WEB
650 0 4 _aMICROSOFT
942 _2ddc
_cBK
999 _c13388
_d13388